[Event "Bazna Kings 5th"]
[Site "Medias"]
[Date "2011.06.17"]
[Round "6"]
[White "Karjakin, Sergey"]
[Black "Nisipeanu, Liviu Dieter"]
[Result "1-0"]
[WhiteElo "2776"]
[BlackElo "2659"]
[Annotator "Rogozenco,D"]
[PlyCount "131"]
[EventDate "2011.06.11"]
[EventType "tourn"]
[EventRounds "10"]
[EventCountry "ROU"]
[EventCategory "21"]
[SourceTitle "CBM 143"]
[Source "ChessBase"]
[SourceDate "2011.07.15"]
[SourceVersion "1"]
[SourceVersionDate "2011.07.15"]
[SourceQuality "1"]

1. e4 e5 2. Nf3 Nc6 3. Bb5 f5 {The Schliemann Gambit again! With Radjabov and
Nisipeanu as constant participants of the Kings' Tournament, this opening line
is slowly, but firmly gaining popularity in Medias.} 4. Nc3 {Nisipeanu himself
played 4.d3 in his fourth round game against Radjabov. I remind you that Black
had no troubles equalising in that game.} fxe4 5. Nxe4 d5 6. Nxe5 dxe4 7. Nxc6
Qg5 8. Qe2 Nf6 9. f4 Qxf4 {This crazy-looking position is one of the main
lines of the Schliemann Gambit.} 10. d4 {Deviating from Carlsen,M - Nisipeanu,
L from the Kings' Tournament 2010.} ({In the mentioned game against Carlsen
Nisipeanu achieved a draw after} 10. Ne5+ c6 11. d4 Qh4+ 12. g3 Qh3 13. Bc4 Be6
14. Bg5 O-O-O 15. O-O-O Bd6 16. Rhf1 Rhe8 17. Bxf6 gxf6 18. Rxf6 Bxe5 19. Rxe6
Rxe6 20. Bxe6+ Qxe6 21. dxe5 Qh6+ 22. Rd2 Rxd2 23. Qxd2 e3 24. Qe2 Qg5 25. Kd1
Kc7 26. Qd3 Qh5+ 27. Kc1 Qh6 28. Kd1 Qh5+ 29. Ke1 Qxh2 30. Qd6+ Kc8 31. Qf8+
Kc7 32. Qe7+ Kc8) 10... Qd6 11. Ne5+ c6 12. Bc4 Be6 13. c3 Bxc4 14. Qxc4 Qd5 {
White's pawn structure is better because of the potential weakness of pawn e4.
With his last move Black offered the exchange of queens. After 15.Qxd5 cxd5 it
is obvious that Black improves the pawn formation, so White should obviously
avoid it.} 15. Qb3 {A good novelty: White is ready to exchange queens his own
way.} (15. Bg5 {and 15.0-0 have been played before. In both cases Black didn't
have particular problems.}) 15... Bd6 $5 {A very interesting reply that took
Nisipeanu a long time. Instead of defending the inferiour endgame after 15...
Qxb3 16.axb3, the Romanian Grandmaster sacrifices two pawns for the initiative.
A brave decision against a well-prepared opponent!} 16. Qxb7 O-O 17. Qxc6 (17.
Nxc6 {would be a bad mistake due to the simple answer} Kh8 {protecting against
the check on e7 and White is losing the knight because of the pin (Black
threatens for instance 18...Rac8). If he tries to save the knight with} 18. Qa6
{then he can easily get mated after} e3 19. O-O Bxh2+ 20. Kxh2 Qh5+ 21. Kg1 Ng4
) 17... Qxc6 18. Nxc6 Ng4 {So White is two pawns up, but he is severely behind
in development. His rooks are not connected yet, while Black already started
to create concrete threats. In my opinion Black's compensation should be
enough to escape with a draw.} 19. Ne5 {This looks like a perfectly normal
decision for a human - to exchange at least one of his opponent's active
pieces even at the price of a pawn.} ({Computers tend to keep material with} 
19. h3 Bg3+ 20. Ke2 Rf2+ 21. Kd1 {which looks like a doubtful decision for us,
humans.}) 19... Bxe5 20. dxe5 e3 $1 ({Nisipeanu's move is stronger than} 20...
Nxe5 21. Be3 Nd3+ 22. Ke2 Nxb2 23. Rab1 {when White's bishop is clearly
stronger than the black knight.}) 21. h3 Nxe5 22. Bxe3 Nc4 23. Bc5 $5 {Around
here Karjakin's bishop's moves started to confuse Nisipeanu, who didn't expect
them and had little time to figure out the best reaction each time.} (23. Bd4
Rae8+ 24. Kd1 Nxb2+ 25. Kd2 Nc4+ 26. Kc2 ({After} 26. Kd3 Nb2+ {White must
repeat the position.}) 26... Ne3+ 27. Bxe3 Rxe3 {is a draw.}) 23... Rae8+ 24.
Kd1 Nxb2+ 25. Kd2 (25. Kc2 $2 {loses the bishop, since after} Re2+ 26. Kb3 Rb8+
27. Ka3 Nc4+ 28. Ka4 Re5 29. Bb4 a5 30. Ba3 Re4 {the white king finds itself
in a mating net.}) 25... Rf5 26. Bxa7 Rf7 ({After} 26... Rfe5 {and White can
hardly avoid the repetition of moves. For instance:} 27. Kc2 (27. a4 $4 Re2+
28. Kc1 Nd3+ {wins for Black}) 27... Nc4 28. Kd3 ({After} 28. Bd4 Re2+ 29. Kb3
Rc8 {White's king is in troubles again.}) 28... Nb2+ 29. Kc2 Nc4 30. Kb3 Nd2+ {
and White has nothing better than repeating moves.}) 27. Bc5 $1 (27. Bd4 Nc4+
28. Kc2 Rfe7 29. Kb3 Nd2+ 30. Kb4 Rc8 {Black's attack should secure a draw.})
27... Rd7+ {At this moment Nisipeanu had about ten minutes left (without
increment!), which is much too little for 13-14 moves in a position where only
concrete variations count. The time trouble was certainly the main cause for
Black's mistakes.} ({After} 27... Rc7 28. Bb4 (28. Bd4 Rce7 {is a draw again
after} 29. Rae1 Nc4+ 30. Kd1 Nb2+ 31. Kd2) 28... Nc4+ 29. Kc2 Re2+ 30. Kb3 Rxg2
{due to the lack of coordination between his pieces it is far from easy for
White to make progress.}) 28. Kc2 Re2+ 29. Kb3 Rb7+ 30. Bb4 Nd3 31. a4 Nxb4 (
31... Re4 32. a5 Nxb4 33. cxb4 Rbxb4+ {is an immediate draw:}) 32. cxb4 Re3+ (
32... Re4 $2 33. b5) 33. Kc2 Rxb4 34. a5 Rc4+ 35. Kd2 Ree4 (35... Rcc3 {
is better, with similar ideas to those in the game:}) 36. Ra3 $1 ({After} 36.
a6 Rcd4+ {White can't escape the perpetual check.}) 36... Red4+ (36... Rcd4+ {
was better:} 37. Kc1 Rc4+ 38. Kb2 Rb4+ 39. Ka2 (39. Rb3 Ra4) 39... Re2+ 40. Ka1
Rb7 41. Rb1 Ra7) 37. Ke3 Re4+ 38. Kf3 Rf4+ 39. Kg3 Rf7 40. Rb1 Ra7 41. a6 $2 ({
White had to start with} 41. Rb6) 41... Rcc7 ({Both players missed that after} 
41... Rc6 42. Rb8+ Kf7 43. Rb7+ Rxb7 44. axb7 Rb6 45. Ra7 {Black can play} Rb3+
$1 ({not} 45... Kf6 46. Ra6 $1) 46. Kf4 Kf6 {which should be a draw due to the
passive position of the white rook.}) 42. Rb6 h6 43. Kf4 Re7 44. h4 Rac7 45.
Ra4 Kh7 46. g4 Ra7 {How to evaluate this position, is it a draw or win for
White? This is not easy to say without a long analysis; during the game I
thought that White should be winning thanks to the plan to bring the king to
the queenside. The players themselves felt that Black's task is very difficult,
even if it's a draw.} 47. h5 {A responsible decision.} (47. Re4 $5 Rf7+ 48. Ke3
{with the idea to bring the king to the queenside.}) 47... Rac7 48. Rd6 Rc8 49.
Ra3 Rf8+ 50. Kg3 Rb8 51. Rc3 Rb4 $2 ({It was better to stick with a move like} 
51... Rf7 {and in order to win White will have to show a clear plan (at the
press conference Karjakin admitted he didn't see such a plan during the game).}
) 52. Rd8 $1 Rb6 53. Ra8 (53. Ra3 Ra7 $11) 53... Rf7 {Both players thought
this is the decisive mistake, because it takes away the square f7 from the
king later on.} ({But even after} 53... Rd6 54. Rcc8 ({if White plays} 54. Ra3
{then} Ree6 55. a7 Ra6 56. Rxa6 Rxa6 57. Kf4 Ra1 {leads to a dead draw.}) 54...
g5 55. Rh8+ Kg7 56. Rag8+ Kf7 57. Rd8 $1 {White wins}) 54. Rcc8 $1 Rb3+ (54...
g5 55. Rh8+ Kg7 56. Rag8+ Kf6 57. Rxh6+ {wins the rook.}) 55. Kh4 g5+ 56. hxg6+
Kxg6 57. Rc6+ Kg7 58. Rd8 Rb1 59. Rdd6 Rh1+ 60. Kg3 Rg1+ 61. Kh3 Rf3+ 62. Kh2
Rgf1 ({Neither} 62... Rxg4 63. a7 Ra4 64. Ra6) ({nor} 62... Ra1 63. Rc7+ Rf7
64. Rxf7+ Kxf7 65. Rxh6 {help Black}) 63. Rd7+ Rf7 64. Rxf7+ Rxf7 65. Rc2 $1 h5
66. Ra2 ({Nisipeanu resigned due to} 66. Ra2 Ra7 67. gxh5 Kh6 68. Ra5) 1-0

[Event "Terrassa"]
[Site "Terrassa"]
[Date "1991.??.??"]
[Round "9"]
[White "Adams, Michael"]
[Black "Lautier, Joel"]
[Result "1/2-1/2"]
[WhiteElo "2600"]
[BlackElo "2550"]
[Annotator "Schussler,H"]
[PlyCount "48"]
[EventDate "1991.05.??"]
[EventType "tourn"]
[EventRounds "9"]
[EventCountry "ESP"]
[EventCategory "12"]
[SourceTitle "CBM 024"]
[Source "ChessBase"]
[SourceDate "1991.10.01"]
[SourceVersion "1"]
[SourceVersionDate "1991.10.01"]
[SourceQuality "1"]

1. e4 e5 2. Nf3 Nc6 3. Bb5 f5 4. Nc3 fxe4 5. Nxe4 d5 6. Nxe5 dxe4 7. Nxc6 Qg5
8. Qe2 Nf6 9. f4 Qxf4 10. Nxa7+ (10. Ne5+ {The main-line.} c6 11. d4 Qh4+ 12.
g3 Qh3 13. Bc4 Be6 14. Bg5 $14) 10... Bd7 11. Bxd7+ Kxd7 12. d4 (12. Nb5 Re8
$13) 12... Qf5 13. Qb5+ Qxb5 14. Nxb5 c6 15. Nc3 $14 Bb4 16. Ke2 Bxc3 17. bxc3
Ra4 18. Rf1 Ke6 19. Rf4 h6 20. a3 g5 21. Rf1 Nd5 22. Bb2 Rc4 23. Rae1 b5 24. g3
Rd8 1/2-1/2

[Event "Terrassa"]
[Site "Terrassa"]
[Date "1990.??.??"]
[Round "11"]
[White "Magem Badals, Jordi"]
[Black "Rodriguez Vargas, Orestes"]
[Result "1-0"]
[WhiteElo "2460"]
[BlackElo "2500"]
[Annotator "Schussler,H"]
[PlyCount "79"]
[EventDate "1990.04.??"]
[EventType "tourn"]
[EventRounds "11"]
[EventCountry "ESP"]
[EventCategory "11"]
[SourceTitle "CBM 019"]
[Source "ChessBase"]
[SourceDate "1990.12.01"]
[SourceVersion "1"]
[SourceVersionDate "1990.12.01"]
[SourceQuality "1"]

1. e4 e5 2. Nf3 Nc6 3. Bb5 f5 4. Nc3 Nf6 5. exf5 Bc5 6. O-O O-O 7. Bxc6 (7.
Nxe5 Nxe5 8. d4 Bxd4 9. Qxd4 d6 10. Bf4 Bxf5 11. Bxe5 dxe5 12. Qxe5 Bxc2 13.
Bc4+ Kh8 14. Nb5 $14) 7... dxc6 8. Nxe5 Bxf5 9. d3 Qe8 {Or 9. - d4 10. c4 g4
unclear.} 10. Qe2 Bd4 11. Re1 Ng4 12. Nxg4 Bxg4 13. Qxe8 Bxf2+ 14. Kh1 Raxe8
15. Rxe8 Rxe8 16. Bf4 Bd4 17. h3 Bh5 18. Bxc7 Bxc3 19. bxc3 Re2 20. Rb1 b5 21.
a4 a6 22. axb5 axb5 23. c4 bxc4 24. dxc4 Bg6 25. Kg1 Be4 26. g3 g5 27. Rb7 Kf7
28. Bd6+ Ke6 29. c5 Kd5 30. h4 g4 31. Kf1 Rxc2 32. Rb4 Ra2 33. Ke1 Rg2 34. Kf1
Rc2 35. Ke1 Ra2 36. Kd1 h5 37. Ke1 Bd3 38. Rb8 Kd4 39. Rh8 Ke3 40. Bf4+ {Time!?
} 1-0

[Event "New York Manhattan"]
[Site "New York"]
[Date "1990.??.??"]
[Round "9"]
[White "Sherzer, Alex"]
[Black "Bykhovsky, Avigdor"]
[Result "0-1"]
[WhiteElo "2440"]
[BlackElo "2495"]
[Annotator "Schussler,H"]
[PlyCount "98"]
[EventDate "1990.04.??"]
[EventType "tourn"]
[EventRounds "9"]
[EventCountry "USA"]
[EventCategory "10"]
[SourceTitle "CBM 019"]
[Source "ChessBase"]
[SourceDate "1990.12.01"]
[SourceVersion "1"]
[SourceVersionDate "1990.12.01"]
[SourceQuality "1"]

1. e4 e5 2. Nf3 Nc6 3. Bb5 f5 4. Nc3 fxe4 5. Nxe4 d5 6. Nxe5 dxe4 7. Nxc6 Qg5
8. Qe2 Nf6 9. f4 Qxf4 10. Ne5+ c6 11. d4 Qh4+ 12. g3 Qh3 13. Bc4 Be6 14. Bg5
Bd6 {A deviation worth noticing. Black plans 0-0 instead of going for the
usual 14. - 0-0-0 followed by d6.} 15. O-O-O O-O 16. g4 Bxc4 17. Nxc4 Bc7 18.
Bxf6 Rxf6 19. Qxe4 Bf4+ 20. Kb1 Qxg4 21. d5 Qd7 22. d6 Re8 23. Qd4 b5 24. Rhf1
Ref8 25. Na5 Rxd6 26. Qg1 Bxh2 27. Rxf8+ Kxf8 28. Qc5 Kg8 29. Rxd6 Qxd6 30. Qh5
g6 31. Qg4 h5 32. Qc8+ Kg7 33. a3 Qc7 34. Qe6 Bd6 {There is no reason to allow
34. - xa5 35. e7+ h6 36. e3+.} 35. Nb3 Qe7 36. Qc8 c5 37. Ka2 Qc7 38. Qe6 Be7
39. c4 bxc4 40. Qxc4 Qe5 41. a4 Bf6 42. Qc2 c4 43. Nd2 Qe2 44. Kb1 h4 45. Ne4
Qxc2+ 46. Kxc2 h3 47. Nf2 h2 48. b4 Bd4 49. Nh1 Kf6 0-1

[Event "URS-sf Moscow-ch"]
[Site "Moscow"]
[Date "1989.??.??"]
[Round "?"]
[White "Balashov, Yuri S"]
[Black "Kuzmin, Alexey"]
[Result "1/2-1/2"]
[WhiteElo "2535"]
[BlackElo "2475"]
[Annotator "Schussler,H"]
[PlyCount "121"]
[EventDate "1989.11.??"]
[EventType "tourn"]
[EventRounds "7"]
[EventCountry "URS"]
[EventCategory "10"]
[SourceTitle "CBM 016"]
[Source "ChessBase"]
[SourceDate "1990.06.01"]
[SourceVersion "1"]
[SourceVersionDate "1990.06.01"]
[SourceQuality "1"]

1. e4 e5 2. Nf3 Nc6 3. Bb5 f5 4. Nc3 fxe4 5. Nxe4 d5 6. Ng3 Bg4 7. h3 Bxf3 8.
Qxf3 Qd6 (8... Nf6 9. O-O Bd6 10. Nh5 e4 11. Qf5 Nxh5 12. Qxh5+ g6 13. Qh6 Qf6
14. d3 O-O-O 15. Qg5 Qf5 $10 {Dvojris-Smirin, Polanica Zdroj 1989.}) 9. c3 e4
10. Qe2 O-O-O 11. O-O a6 12. Bxc6 Qxc6 13. d3 exd3 14. Qxd3 Nf6 15. Bg5 Bc5 16.
b4 Bb6 17. Nf5 Rd7 18. a4 Qc4 19. Rad1 Qxd3 20. Rxd3 Ne4 21. Be3 Bxe3 22. Rxe3
g6 23. Nd4 c5 24. Ne6 cxb4 25. cxb4 Kb8 26. f3 Ng3 27. Nc5 Rc7 28. Rd1 d4 29.
Re5 Nf5 30. Rd3 Rhc8 31. a5 Ka7 32. Re6 Ne3 33. Rxd4 Nc2 34. Rde4 Nxb4 35. Na4
Nc6 36. Nb6 Rd8 37. Ra4 Rf7 38. Ra1 Rf5 39. Nc4 Rc5 40. Re4 Rd4 41. Rxd4 Nxd4
42. Ra4 Ne2+ 43. Kf2 Nc3 44. Rb4 Nd5 45. Ra4 Nc3 46. Rb4 Rb5 47. Rxb5 axb5 48.
Nd6 b4 49. Ke3 b3 50. Nc4 Ka6 51. Kd3 Na4 52. f4 b2 53. Kc2 Kb5 54. Nd6+ Kb4
55. Kb1 Kxa5 56. Nxb7+ Kb4 57. Nd6 Kc5 58. Nf7 Kc4 59. Nd6+ Kd5 60. Nf7 Kc5 61.
Ng5 1/2-1/2

[Event "FRA-ch"]
[Site "Montpellier"]
[Date "1991.??.??"]
[Round "?"]
[White "Apicella, Manuel"]
[Black "Sharif, Mershad"]
[Result "1/2-1/2"]
[WhiteElo "2455"]
[BlackElo "2415"]
[Annotator "Schussler,H"]
[PlyCount "121"]
[EventDate "1991.08.??"]
[EventType "tourn"]
[EventRounds "15"]
[EventCountry "FRA"]
[EventCategory "8"]
[SourceTitle "CBM 027"]
[Source "ChessBase"]
[SourceDate "1992.04.01"]
[SourceVersion "1"]
[SourceVersionDate "1992.04.01"]
[SourceQuality "1"]

1. e4 e5 2. Nf3 Nc6 3. Bb5 f5 4. d3 fxe4 5. dxe4 Nf6 6. O-O Bc5 7. Nc3 (7. Qe2
d6 8. Qc4 Qe7 9. Nc3 Bd7 10. Nd5 Nxd5 11. exd5 Nd4 12. Bxd7+ Qxd7 13. Nxe5 $1
$16 {New! Kalegin-Ivanov Soviet 1991.}) (7. Bc4 d6 8. h3 Qe7 {9...Na5!} 9. Nc3
Be6 10. Nd5 Bxd5 11. exd5 Nd8 12. Re1 O-O 13. Rxe5 {Apicella,M-Fayard,A/FRA-ch
(07)/1991/31/1-0/}) 7... d6 8. Bg5 O-O 9. Nd5 Kh8 (9... Bg4 10. Nxf6+ gxf6 11.
Bh6 $14) 10. Nh4 (10. c3 Ne7 $10) 10... Nd4 11. Bc4 $5 {New.} (11. Bd3 c6 12.
Bxf6 (12. Nxf6 gxf6 13. Bh6 Rg8 14. c3 Bg4 $1 $17) 12... gxf6 13. Ne3 Ne6 14.
Nef5 Ng7 $10 {Grinberg-Parma, Buenos Aires (ol) 1978.}) 11... b5 12. Bd3 c6 13.
Nxf6 gxf6 14. Be3 Rg8 15. Kh1 Rg4 16. g3 Rg8 17. f3 (17. c3 $2 Bg4 18. f3 Nxf3
$19) 17... Bh3 18. Rg1 Ne6 19. Qd2 Bxe3 20. Qxe3 $14 Ng5 21. f4 Nf7 22. a4 a6
23. Be2 Be6 24. Bh5 Qe7 25. f5 Bd7 26. Bxf7 Qxf7 27. g4 c5 28. Rad1 Qf8 29. Rg3
Rg5 30. Ng6+ (30. Rh3 Rxg4 31. Ng6+ Rxg6 32. fxg6 Bxh3 33. Qxh3 Ra7 $1 $15 {
(Apicella)}) 30... hxg6 31. h4 gxf5 32. hxg5 f4 33. Rh3+ Kg7 34. gxf6+ Qxf6 35.
Qd3 Bc6 36. Qxd6 Bxe4+ 37. Kg1 Qxd6 38. Rxd6 Re8 39. c3 bxa4 40. Rxa6 Bg6 {
40. - Rd8! =} 41. g5 e4 42. Ra7+ Bf7 43. Rh4 e3 44. Kf1 Kg6 45. Rxf4 Bb3 46.
Rg4 Kf5 $1 47. Rg1 Bc4+ 48. Ke1 Rb8 $1 $10 49. Rxa4 Rxb2 50. Rxc4 Rb1+ 51. Ke2
Rxg1 52. Kxe3 Re1+ 53. Kd3 Rd1+ 54. Kc2 Rd5 55. Ra4 Kxg5 56. Kb3 Kf6 57. Kc4
Ke6 58. Ra5 Rd1 59. Kxc5 Kd7 60. c4 Rh1 61. Kb6 1/2-1/2

[Event "Vienna op"]
[Site "Vienna"]
[Date "1990.??.??"]
[Round "8"]
[White "Mahdy, Khaled"]
[Black "Perovic, Dragan"]
[Result "0-1"]
[WhiteElo "2350"]
[BlackElo "2390"]
[Annotator "Schussler,H"]
[PlyCount "42"]
[EventDate "1990.10.??"]
[EventType "swiss"]
[EventRounds "9"]
[EventCountry "AUT"]
[SourceTitle "CBM 021"]
[Source "ChessBase"]
[SourceDate "1991.04.01"]
[SourceVersion "1"]
[SourceVersionDate "1991.04.01"]
[SourceQuality "1"]

1. e4 e5 2. Nf3 Nc6 3. Bb5 f5 4. d3 fxe4 5. dxe4 Nf6 6. O-O Bc5 7. Qd3 d6 8.
Nc3 O-O 9. Bxc6 bxc6 10. Nxe5 Qe8 11. Nf3 a5 $13 12. Na4 Nxe4 13. Nxc5 Nxc5 14.
Qe3 Qg6 15. Nd4 Ba6 16. Rd1 Rae8 17. Qg3 Qh5 18. Be3 Ne4 19. Qh3 Qxh3 20. gxh3
Nc5 21. Nb3 Re6 {22.Sxc5 Tg6+ 23.Kh1 Le2! - +} 0-1

[Event "Bayern-chI Bank Hofmann 5th"]
[Site "Bad Wiessee"]
[Date "2001.10.30"]
[Round "4"]
[White "Ramesh, Ramachandran B"]
[Black "Shabalov, Alexander"]
[Result "1/2-1/2"]
[WhiteElo "2445"]
[BlackElo "2574"]
[Annotator "Shabalov,A"]
[PlyCount "88"]
[EventDate "2001.10.27"]
[EventType "swiss"]
[EventRounds "9"]
[EventCountry "GER"]
[SourceTitle "EXT 2003"]
[Source "ChessBase"]
[SourceDate "2002.11.25"]
[SourceVersion "1"]
[SourceVersionDate "2002.11.25"]
[SourceQuality "1"]

1. e4 e5 2. Nf3 Nc6 3. Bb5 f5 4. Nc3 Nf6 ({This is the main alternative to a
worst endgame after} 4... fxe4) 5. exf5 ({Much more dangerously for black than
} 5. Qe2 Nd4 6. Nxd4 exd4 7. e5 Ng4 8. h3 Nxf2 (8... Nh6 $5) 9. Qxf2 dxc3 10.
Qxf5 Qh4+ 11. Kd1 c6 12. Bd3 cxd2 13. Bxd2 Be7 14. Be1 d5 15. exd6 Qd4 16. Qe4
Qxe4 17. Bxe4 Bxd6 18. Rf1 Be6 $15 {0-1 Magem Badals,J-Shabalov,A/Liepaja 2001/
(18).}) 5... e4 ({Previous high authority attempt to revive this variation
failed in} 5... Bc5 6. O-O O-O 7. Bxc6 dxc6 8. Nxe5 Bxf5 9. d3 Qe8 10. Qe2 Bd6
11. f4 Nd7 12. Nc4 Qg6 13. Nxd6 cxd6 14. Bd2 Nf6 15. Rae1 d5 16. Qf2 b6 17. Ne2
c5 18. Ng3 Bd7 19. f5 Qf7 20. Qf3 h6 21. h3 Rfe8 22. Bf4 Rxe1 23. Rxe1 Re8 24.
Be5 d4 25. b3 Nd5 26. Nh5 Nb4 27. Nxg7 Rxe5 28. Rxe5 Kxg7 29. Qg3+ Kh7 30. Re2
Bxf5 31. Qd6 Nd5 32. Re5 Bxh3 33. Qxd5 Qxd5 34. Rxd5 Bg4 35. Kf2 Kg6 36. Rd6+
Kg5 37. b4 cxb4 38. Rxd4 Bd1 39. Rxb4 Bxc2 40. Ke3 h5 41. Rc4 Bb1 42. a3 Ba2
43. Rc7 a5 44. Rb7 {1-0 Svidler,P-Topalov,V/Wijk aan Zee 1999/(44).}) 6. Ng5 ({
It looks like since this move won't bring white any opening advantage,the only
one what's left is} 6. Nh4 {which some people consider to be an official
refutation of the line.}) 6... d5 7. d3 h6 8. Ne6 Bxe6 9. fxe6 Qd6 10. dxe4
Qxe6 11. O-O dxe4 12. Qd4 $1 {Probably the best move in this critical position.
} (12. Ne2 Bd6 13. Nd4 Qe5 14. g3 O-O 15. Bxc6 bxc6 16. Bf4 Qe8 17. Bxd6 cxd6
18. c4 Qd7 19. Qe2 Rae8 20. Rad1 Qh3 21. g4 c5 {0-1 Shirov,A-Shabalov,A/
Liepaja LAT 2001/The Week in Chess 355 (21).}) 12... a6 13. Bxc6+ Qxc6 14. Bf4
Bd6 15. Bxd6 O-O-O $1 {This little tactics helps black to solve all the
problems.} 16. Qa7 cxd6 17. Rad1 Rhe8 18. Rd4 Qc5 19. Qxc5+ dxc5 20. Rxd8+ Kxd8
21. Rd1+ Kc7 22. Nd5+ Nxd5 23. Rxd5 {The position is pretty equal and all
black's attempt to squeeze something out of it did fail.} Kc6 24. Rd2 e3 25.
fxe3 Rxe3 26. Kf2 Re4 27. Kf3 Rc4 28. c3 b5 29. Rd8 a5 30. a3 b4 31. cxb4 axb4
32. Rg8 bxa3 33. bxa3 Rh4 34. Rxg7 Rxh2 35. Ke4 Rh4+ 36. Kd3 Ra4 37. Rg6+ Kb5
38. Rxh6 Rxa3+ 39. Kc2 Kb4 40. Rb6+ Kc4 41. Rb2 Kd4 42. Rb3 Ra2+ 43. Rb2 Ra8
44. Rb3 Rg8 1/2-1/2